000
00324nam a22001457a 4500
008
230616b ||||| |||| 00| 0 eng d
020
_a
9780134441375
041
_a
eng
080
_2
TENTH EDITION
_a
51
082
_a
51BIT
100
_a
23
101
_a
MATE
245
_a
ELEMENTARY ALGEBRA
_c
BITTINGER
942
_2
udc
_c
BK
999
_c
59990
_d
59990